000 00387nmm a2200133Ia 4500
008 251105s9999||||xx |||||||||||||||||und||
041 _aspa
100 _aFernando Maria, Fernando Rui da Clara Maria
245 0 _aMenina Pé-de-Vento
264 _a[Madrid, España] :
_bLantia,
_c2016
300 _a0 páginas
856 _uhttps://public.digitaliapublishing.com/a/87593
942 _cCF
999 _c105926
_d105926